000 00622nam a22002297a 4500
003 ITZ
005 20230323103218.0
008 230323b |||||||| |||| 00| 0 spa d
020 _a978-607-17-1597-5
035 _a17333
041 _aspa
050 _aHD58.8
_bN48 2013
082 _a658.406
_bN561c 2013
100 1 _aNewton, Richard.
245 _aCambio Organizacional
_cRichard, Newton
250 _a1 ed.
260 _aMéxico:
_bTrillas,
_c2013.
300 _a183 p. ;
_c23 cm.
490 _a(Breviarios del Financial Times)
650 _a1. CAMBIO ORGANIZACIONAL / 2. PLANEAMIENTO EMPRESARIAL
942 _cBK
999 _c28964
_d28964